00551nam a22001457a 4500003000400000005001700004008004100021040001400062100002400076245013000100260000900230300002700239500010800266504003100374OSt20171010095446.0120614t xxu||||| |||| 00| 0 eng d aMMSUcULS aTalioaga, Jovie C.  aEffect of the addition of acetic acid (Ethanoic acid) on the alcoholic fermentation of basi from sugarcanecJovie C. Talioaga c2006 axi, 39 leavesc28 cm.  aThesis (BS Chemical Engineering) -- Mariano Marcos State University-College of Engineering, Batac City  aBibliography: leaves 32-33